=LDR 00000nam 2200000 4500 =001 INLIS000000000035816 =005 20130612141638 =008 ***********************************Ind** =035 ##$$0010-061300000035816 =041 ##$$a Ind =082 ##$$a 2x9.1 =090 ##$$a 2x9.1, Gul =100 ##$$a Gulen, Fethullah =245 ##$$a Kehidupan Rasul Allah, Muhammad SAW =260 ##$$b JakartabRaja Grafindo Persada =300 ##$$a 417 hlm, 25 cm =850 ##$$a NBPNMAT